000 00499nam a2200157 i 4500
001 22541
003 ES-MaACL
005 20230906152720.0
007 t|
008 021203s1972 sp ||||1| spa d
100 1 _aAlvarez Macias, Juan Francisco.
_920864
245 1 3 _aLa novela popular en España
_b: José Mallorquí /
_cJuan Francisco Alvarez Macias.
260 _aSevilla :
_bUniversidad,
_c[1972]
300 _a196 p., 2 lám. :
_bRetr. aut. ;
_c18 cm.
852 _aES-MaACL
_jC-52687
_bR.82735
999 _c22541
_d22541